Представление документа в формате RUSMARC

ПолеНазваниеЗначение
  Тип записи a
  Библиографический уровень m
001 Контрольный номер RU/SLIB/B/208724617
005 Дата корректировки 20201206203959.7
010 Индекс ISBN __
d Цена 30000-00
101 Язык документа __
a Язык текста rus
200 Заглавие и сведения об ответственности 0_
a Заглавие Воспоминания генерал-фельдмаршала графа Дмитрия Алексеевича Милютина, 1816-1843
f Первые сведения об ответственности Милютин Д. А. ; под ред. Л. Г. Захаровой
b Общее обозначение материала Текст
210 Выходные данные __
a Место издания М.
c Издательство ТРИТЭ
c Издательство Рос. Арх.
d Дата издания 1997
215 Физическое описание __
a Объем 496 с.
c Иллюстрации/тип воспроизводства ил.
600 Персоналии __
a Персоналии (Фамилия) Милютин, Д. А.
606 Тематические рубрики __
a Основная рубрика История
z Хронологическая подрубрика 1816-1843 гг.; 19 в.
y Географическая подрубрика Россия
606 Тематические рубрики __
a Основная рубрика Россия в XVIII в. - 1917 г.
610 Ключевые слова __
a Ключевые слова воспоминания; историческая литература; исторические факты; исторические данные; исторические даты; исторические деятели
686 Индексы других классификаций __
a Классификационный индекс 63.3(2)522; ст63.3(2)522
700 Автор _1
a Фамилия Милютин
b Имя Д. А.
4 Код отношения 070
702 Вторичная интеллектуальная ответственность _1
a Фамилия Захарова
b Имя Л. Г.
4 Код отношения Редактор
801 Источник записи _0
a Страна RU
b Организация Муниципальное бюджетное учреждение культуры "Централизованная библиотечная система" г. Сургут (Центральная городская библиотека им. А. С. Пушкина)
g Правила каталогизации КИК/Елгина
801 Источник записи _1
a Страна RU
b Организация Муниципальное бюджетное учреждение культуры "Централизованная библиотечная система" г. Сургут (Центральная городская библиотека им. А. С. Пушкина)
g Правила каталогизации КИК/Елгина
852 Данные о местонахождении __
j Шифр хранения 63.3(2)522
c Каталожный индекс 63.3(2)521
i Авторский знак М 60
p Инвентарный номер 65070
901 Тип документа __
t Тип документа m
990 Данные о заказе (DOS) __
j Количество экземпляров (DOS) 5